Panathinaikos FC Squad 2025-2026 - Statistics

General Stats
  • This quiz has been taken 58 times
    20 since last reset
  • The average score is 33 of 45
Answer Stats
# Position Nation Player % Correct
9 FW Morocco Anass Zaroury
100%
7 FW Greece Andreas Tetteh
100%
2 DF Italy Davide Calabria
100%
5 DF Algeria Ahmed Touba
93%
40 GK Ivory Coast Alban Lafont
93%
11 MF Greece Anastasios Bakasetas
93%
6 MF Greece Manolis Siopis
93%
4 MF Spain Pedro Chirivella
93%
- Coach Spain Rafa Benítez
93%
10 FW Brazil Tetê
93%
16 MF Slovenia Adam Gnezda Čerin
87%
69 GK Poland Bartłomiej Drągowski
87%
14 DF United States Erik Palmer-Brown
87%
31 MF Serbia Filip Đuričić
87%
19 FW Poland Karol Świderski
87%
15 DF Iceland Sverrir Ingi Ingason
87%
52 MF Netherlands Tonny Vilhena
87%
20 MF Argentina Vicente Taborda
87%
28 FW Uruguay Facundo Pellistri
80%
3 DF Germany Philipp Max
80%
21 DF Croatia Tin Jedvaj
80%
- Coach Greece Christos Kontis
73%
26 DF Spain Javi Hernández
73%
12 GK Argentina Lucas Chaves
73%
72 FW Serbia Miloš Pantović
73%
17 MF France Moussa Sissoko
73%
23 FW Greece Pavlos Pantelidis
73%
8 MF Portugal Renato Sanches
73%
- Coach Portugal Rui Vitória
73%
10 MF Argentina Santino Andino
73%
18 MF Greece Sotiris Kontouris
73%
88 MF Croatia Adriano Jagušić
67%
29 FW Sweden Alexander Jeremejeff
67%
33 FW Nigeria Cyriel Dessers
67%
26 DF Albania Elton Fikaj
67%
77 DF Greece Georgios Kyriakopoulos
67%
25 DF Serbia Filip Mladenović
60%
27 DF Greece Giannis Kotsiras
60%
70 GK Greece Konstantinos Kotsaris
60%
30 MF Greece Adriano Bregou
53%
39 FW Greece Giannis Bokos
47%
44 MF Greece Georgios Nikas
40%
17 FW Argentina Daniel Mancini
33%
- Coach Greece Dimitrios Koropoulis
13%
22 FW Greece Georgios Kyriopoulos
7%
No matching quizzes found
Score Distribution
Percent of People with Each Score
Percentile by Number Answered
Your Score History
You have not taken this quiz since the last reset